000 00426nam a2200181Ia 4500
001 20648
005 20260306172821.0
008 260306t2001||||xx |||||||||||||| ||spa||
041 _aESP
082 _a343.6
_bD96 2001
100 _aDromi, José Roberto
_eAUT
245 0 _aDerecho administrativo
260 _c2001
300 _a1396 páginas :
_c24 cm.
650 _aGEN
654 _aCDE
942 _cLIB
_dJUS
_fJUS
_2ddc
_n
999 _c20648
_d20648